| 000 | 00919nam a22002417a 4500 | ||
|---|---|---|---|
| 999 |
_c20296 _d20296 |
||
| 003 | AR-CdUCM | ||
| 008 | 190528b ||||| |||| 00| 0 spa d | ||
| 040 |
_aMUNICIPALIDAD PROVINCIAL DEL CUSCO _cBIBLIOTECA MUNICIPAL DEL CUSCO |
||
| 082 |
_23ed _a621.31 / _bO56 |
||
| 100 |
_aOñós Prados, Enrique _942421 |
||
| 245 | _aManiobra, mando y control eléctricos / | ||
| 260 |
_aBarcelona : _bCEAC, _c1980. |
||
| 300 |
_a1240 páginas ; _c23 cm. |
||
| 500 | _aEnciclopedia ceac de electricidad | ||
| 505 | _aContenido: Circuitos lógicos -- Mando y regulación de motores eléctricos -- Elementos de maniobras, mando y regulación... | ||
| 650 |
_aMotores electricos _939807 |
||
| 650 |
_aRegulación de motores _942422 |
||
| 700 |
_aRamírez Vásquez, José _942423 |
||
| 700 |
_aRuiz Vasallo, Francisco _942424 |
||
| 700 |
_aPecanins Vallés, Francisco _942425 |
||
| 942 |
_2ddc _cLIBROS |
||
| 945 |
_adavv _d2019-05-28 |
||